000
00333nam a22001457a 4500
008
230508b ||||| |||| 00| 0 eng d
020
_a
9780275996963
041
_a
eng
080
_2
VOLUME 1,2
_a
34
082
_a
34FAG
100
_a
30
101
_a
JUREDIK
245
_a
GLOBALIZATION AND SECURITY
_c
FAGAN.H.G
942
_2
udc
_c
BK
999
_c
59661
_d
59661